000 00542nam a2200217Ia 4500
005 20250923145548.0
008 008 250917s9999 xx 000 0 eng d
037 _aTextual
040 _aDSWL
_beng
_cDSWL
041 _aeng
_2eng
084 _qDSWL
100 _aHart, H.
_9836620
245 0 _aHarts rules for compositors and readers
_c by H.Hart
250 _a38th
260 _aLondon
_bOxford
_c1978
300 _axii,184p.
365 _aGBP
_b3.5
925 _g3.5
942 _cTEXL
999 _c1452867
_d1452867